Name that Star Wars Species - Statistics

General Stats
  • This quiz has been taken 87 times
    17 since last reset
  • The average score is 43 of 297
Answer Stats
Hint Answer % Correct
Wicket W. Warrick Ewok
87%
Jar Jar Binks Gungan
87%
Poggle the Lesser Geonosian
80%
Anakin Skywalker Human
80%
Jabba Hutt
80%
Admiral Ackbar Mon Calamari
73%
Greedo Rodian
73%
Bib Fortuna Twi'lek
73%
Chewbacca Wookiee
73%
Lama Su Kaminoan
67%
Nute Gunray Neimoidian
60%
Watto Toydarian
60%
Bossk Trandoshan
53%
Dexter Jettster Besalisk
47%
Figrin D'an Bith
47%
Grand Admiral Thrawn Chiss
47%
Asajj Ventress Dathomirian
47%
Sebulba Dug
47%
Cad Bane Duros
47%
Saesee Tiin Iktotchi
47%
General Grievous Kaleesh
47%
Kit Fisto Nautolan
47%
Ahsoka Tano Togruta
47%
Eeth Koth Zabrak
47%
Ki-Adi-Mundi Cerean
40%
Zam Wesell Clawdite
40%
Plo Koon Kel Dor
40%
Quinlan Vos Kiffar
40%
Luminara Unduli Mirialan
40%
Nien Nunb Sullustan
40%
Ponda Baba Aqualish
33%
Mas Amedda Chagrian
33%
Jubnuk Gamorrean
33%
Momaw Nadon Ithorian
33%
Het Nkik Jawa
33%
Even Piell Lannik
33%
San Hill Muun
33%
Grand Inquisitor Pau'an
33%
Kuiil Ugnaught
33%
Hondo Ohnaka Weequay
33%
Ello Asty Abednedo
27%
Rio Durant Ardennian
27%
Queen Julia Bardottan
27%
Tera Sinube Cosian
27%
Unkar Plutt Crolute
27%
Pao Drabatan
27%
Zuckuss Gand
27%
Shu Mai Gossam
27%
Ree-Yees Gran
27%
Lady Proxima Grindalid
27%
Riff Tamson Karkarodon
27%
Embo Kyuzo
27%
Garazeb 'Zeb' Orrelios Lasat
27%
Tee Watt Kaa Lurmen
27%
Ima-Gun Di Nikto
27%
Rukh Noghri
27%
Coleman Kcaj Ongree
27%
Max Rebo Ortolan
27%
Lom Pyke Pyke
27%
Tessek Quarren
27%
Yarael Poof Quermian
27%
Almighty Sarlacc Sarlacc
27%
Wat Tambor Skakoan
27%
Oppo Rancisis Thisspiasian
27%
Adi Gallia Tholothian
27%
Boushh Ubese
27%
Mee Deechi Umbaran
27%
Coleman Trebor Vurk
27%
Nambi Ghima Aki-Aki
20%
Ratts Tyerell Aleena
20%
Babu Frik Anzellan
20%
El-Les Arcona
20%
Kabe Chadra-Fan
20%
Cikatro Vizago Devaronian
20%
Grummgar Dowutin
20%
Tanus Spijek Elom
20%
Ziton Moj Falleen
20%
Feltipern Trevagg Gotal
20%
Admiral Trench Harch
20%
Gume Saam Ishi Tib
20%
Droopy McCool Kitonak
20%
Kithaba Klatooinian
20%
Passel Argente Koorivar
20%
Garindan Kubaz
20%
Jaxxon T. Tumperakki Lepi
20%
Tiplee & Tiplar Mikkian
20%
Waydurk Mimbanese
20%
Boolio Ovissian
20%
Aurra Sing Palliduvan
20%
Sy Snootles Pa'lowick
20%
Riyo Chuchi Pantoran
20%
Muftak Talz
20%
Latts Razzi Theelin
20%
Benthic & Edrio Two Tubes Tognath
20%
Miraj Scintel Zygerrian
20%
Gor Koresh Abyssin
13%
Amanaman Amanin
13%
Morley Anacondan
13%
Thongla Jur Anx
13%
Dagan Gera Arkanian Offshoot
13%
Elan Sleazebaggano Balosar
13%
Sionver Boll Bivall
13%
Ephant Mon Chevin
13%
Ody Mandrell Er'Kit
13%
Dr. Nuvo Vindi Faust
13%
Father, Daughter, & Son Force Wielder
13%
Durge Gen'Dai
13%
Moroff Gigoran
13%
Margo Imroosian
13%
Azmorigan Jablogian
13%
Krismo Sodi Kage
13%
The High Priest (Jedha) Lorrdian
13%
Dume Loth-wolf
13%
Tee Va Moogan
13%
Clegg Holdfast Nosaurian
13%
Turtle People on Peridea Noti
13%
Bobbajo Nu-Cosian
13%
Big Hay-Zu Patitite
13%
Robonino Patrolian
13%
Moralo Eval Phindian
13%
Qin Yazal Poletec
13%
Edcel Bar Gane Roonan
13%
Gauron Nas Tal Saurin
13%
Mantu Selkath
13%
Ord Enisence Skrilling
13%
Zutton Snivvian
13%
Vober Dand Tarsunt
13%
Teedo Teedo
13%
Ben Quadinaros Toong
13%
URoRRuR'R'R Tusken Raider
13%
Senin Vant Utai
13%
J'Quille Whiphid
13%
Gasgano Xexto
13%
Joh Yowza Yuzzum
13%
Bom Vimdin Advozse
7%
Lived in Mandalore's wastelands Alamite
7%
Greeta Maju Alazmec
7%
Diathim Refugee (Iego) Angel
7%
Silvanie Phest Anomid
7%
Strono 'Cookie' Tuggs Artiodac
7%
Yarna d'al' Gargan Askajian
7%
Grebleips Asogian
7%
Dobarn Tren Barbadelan
7%
Otua Blank Belugan
7%
Rycar Ryjerd Bimm
7%
Wollivan Blarina
7%
Amuncie Tidian Boosodian
7%
Chl'parr & Vil'pak Chelidae
7%
Dellso Prin Cingulon
7%
Freck Condluran
7%
The Dengue Sisters Culisetto
7%
Jannitha Xoczuko Czerialan
7%
Arleil Schous Defel
7%
Sidon Ithano Delphidian
7%
Omi Dianoga
7%
Lexo Sooger Dor Namethian
7%
Orrimaarko 'Prune Face' Dressellian
7%
Sy-O Exogorth
7%
Casiss Midagatis Felucian
7%
Thromba & Laparo Frigosian
7%
Quiggold Gabdorin
7%
Luleo Primoc Gallusian
7%
Elis Helrot Givin
7%
Fugas Fandita Gotarite
7%
M'iiyoom Onith H'nemthe
7%
Aemon Gremm Hylobon
7%
Bistan Iakaru
7%
Seleno Chandro Jaluku
7%
Osh Scal & Selif Xam Kallidahin
7%
Cycyed Ock Keredian
7%
Whorm Loathsom Kerkoiden
7%
Terrib Igmusk Keteerian
7%
Bo Rogiave Lacertilo
7%
Dice Ibegon Lamproid
7%
By Bluss Leyakian
7%
Maysano Lutrillian
7%
Kullbee Sperado Meftian
7%
Auromae Iselo Melbu
7%
Sarco Plank Melitto
7%
Pintu Son-El Moyn
7%
Junn Gobint & The ______ Mythrol
7%
Pru Sweevant Narquois
7%
Therm Scissorpunch Nephran
7%
Mosep Binneed Nimbanel
7%
Glaucus Octeroid
7%
Pemmin Brunce Ongidae
7%
Gwellis Bagnoro Onodone
7%
Ketwol Pacithip
7%
Derrown Parwan
7%
Reegesk Ranat
7%
Gelan Yees Sabat
7%
Sixtat Sakiyan
7%
Rappertunie Shawda Ubb
7%
Lak Sivrak Shistavanen
7%
Vorg Alsum Shydopp
7%
Bric Siniteen
7%
Gragra Swokes Swokes
7%
Toonbuck Toora Sy Myrthian
7%
Weeteef Cyu-Bee Talpini
7%
Mot-Not Rab Tarnab
7%
Cassie Cryar Terrelian Jango Jumper
7%
Klaud Trodatome
7%
HarrGick Ugor
7%
Bollie Prindel Urodel
7%
Teemto Pagalies Veknoid
7%
Dud Bolt Vulptereen
7%
Unidentified ______ Pirate Warthog
7%
Topi Topi Wayuning
7%
Saelt-Marae 'Yak Face' Yarkora
7%
Meebur Gascon Zilkin
7%
Argus 'Six Eyes' Panox Azumel
0%
Hermi Odle Baragwin
0%
Oolin 'Nail' Musters Blutopian
0%
Munduri and Sonsigo Bravaisian
0%
Nik Hepho Britarro
0%
Rigfu Urcolla Bufopel
0%
Zygli Bruss Candovantan
0%
Seossra Thwisp Caphex
0%
Anglang Lehet Casadag
0%
Bargwill Tomder Cloddogran
0%
Karjj Crocin
0%
Vazzet Dipterz Cyclorrian
0%
Lark and Jonk Danzikan
0%
Wan Sandage Devlikk
0%
Faddaff Davenspon Deymasollian
0%
Engi Golba Didynon
0%
Blawz and Crodit Dwuni
0%
Athgar Heece Dybrinthe
0%
Tarubo Bunzo Dyplotid
0%
Dava Cassamam Elnacon
0%
Elan Mak Fluggrian
0%
Twazzi Frenk
0%
Buboicullaar 'Bubo' Frog-dog
0%
Doallyn Geranite
0%
Tommet Sozach Ginmid
0%
Aldar Beedo Glymphid
0%
Rig Nema Halaisi
0%
Varmik (Triplets) Hassk
0%
Kaljach Sonmi Heptooinian
0%
Rogwa Wodrata Holwuff
0%
Attark Hoover
0%
Janus Kasmir Kalleran
0%
Iothene Jacontro Kerestian
0%
Wilsa Teshlo Kessurian
0%
Droogan Khramboan
0%
Sentient Trees on Aleen Kindalo
0%
Alcida-Auka Lanai
0%
Greez Dritus Latero
0%
Magaloof Leffingite
0%
Twylope Nur Mohsenian
0%
Edmo Ectacle Moldwarp
0%
Nabrun Leids Morseerian
0%
Vylip F'alma Mustafarian
0%
Neeva Nobilllian
0%
Ark Roose Nuknog
0%
Praster Ommlen Ottegan
0%
Plesko Marno Ozrelanso
0%
Dhuz, Hhex, & Jhat Palandag
0%
Leesub Sirln Qiraash
0%
Phenlass & Odla Sur Reesarian
0%
Loje Nella Riorian
0%
Skoova Stev Sakavian
0%
Ione Marcy Salenga
0%
Melas Sarkan
0%
Yipsit Shahkirin
0%
Goss Toowers Shozer
0%
Kid Malmash Shungbeek
0%
Boles Roor Sneevel
0%
Orphne Sollux
0%
Suralinda Javos Squamatan
0%
Seripas Ssori
0%
Trinto Duaba Stennes Shifter
0%
Thodibin and Wodibin Suerton
0%
Albrekh Symeong
0%
Huper Tenrecs Talpiddian
0%
Bayrn Tarlafar
0%
Ebe E. Endocott Triffian
0%
Thamm Troglof
0%
Fode and Beed Troig
0%
Prashee & Cratinus Ubdurian
0%
Yasto Attsmun Ungrila
0%
Valwid Ined Vobati
0%
Tiggs Leo Volpai
0%
Rangthang Vonomi
0%
Wioslea Vuvrian
0%
Doma Dendra Waluna
0%
Kedpin Shoklop Wermal
0%
Sturg Ganna Whippomorn
0%
Wazellman Wickwar
0%
Ghoel Wol Cabasshite
0%
Neva Kee Xamster
0%
Ubbla Mollbro Xi'Dec
0%
Kitik Keed'kak Yam'rii
0%
Cane Adiss Yuvernian
0%
Kujet, Eilram & Miktrull Zeffonnian
0%
Infrablue Zedbeddy Coggins Zenezian
0%
Avga Rosene Zuzabol
0%
No matching quizzes found
Score Distribution
Percent of People with Each Score
Percentile by Number Answered
Your Score History
You have not taken this quiz since the last reset